01457nam a2200325 a 4500001001200000003000800012006001900020007001500039008004100054010001700095020003200112020001500144040002100159035002000180050002300200082001800223110007200241245019100313260005500504300002700559504005100586530011300637533015200750650002400902650001600926655002900942710001700971856012600988999001701114ebr10068322CaPaEBRm u cr cn|||||||||910312s1991 dcua sb 001 0 eng  z 91012489  z0585002029 (electronic bk.) z0309043778 aCaPaEBRcCaPaEBR a(OCoLC)4232849414aVM455b.N35 1991eb04a623.8/2452202 aNational Research Council (U.S.).bCommittee on Tank Vessel Design.10aTanker spillsh[electronic resource] :bprevention by design /cCommittee on Tank Vessel Design, Marine Board, Commission on Engineering and Technical Systems, National Research Council. aWashington, D.C. :bNational Academy Press,c1991. axxviii, 350 p. :bill. aIncludes bibliographical references and index. aAlso available as an electronic book via the World Wide Web to institutions affiliated with netLibrary, Inc. aElectronic reproduction.bPalo Alto, Calif. :cebrary,d2013.nAvailable via World Wide Web.nAccess may be limited to ebrary affiliated libraries. 0aTankersxAccidents. 0aOil spills. 7aElectronic books.2local2 aebrary, Inc.40uhttp://site.ebrary.com/lib/rucke/Doc?id=10068322zAn electronic book accessible through the World Wide Web; click to view c28239d28239